ბათუმის შოთა რუსთაველის სახელმწიფო უნივერსიტეტის ბიბლიოთეკა

Экология камбиальной активности и формирования древесины / (ბიბ.ჩანაწერი № 45509)

000 -LEADER
fixed length control field 01749nam a2200337Ia 4500
001 - CONTROL NUMBER
control field 12334
003 - CONTROL NUMBER IDENTIFIER
control field GE_BSU
005 - DATE AND TIME OF LATEST TRANSACTION
control field 20240703162807.0
008 - FIXED-LENGTH DATA ELEMENTS--GENERAL INFORMATION
fixed length control field 181216s2008||||ru |||||||||||||| ||rus||
040 ## - CATALOGING SOURCE
Transcribing agency GE_BSU
041 ## - LANGUAGE CODE
Language code of text/sound track or separate title rus
080 ## - UNIVERSAL DECIMAL CLASSIFICATION NUMBER
Universal Decimal Classification number 574+630.3 Л-68
100 ## - MAIN ENTRY--PERSONAL NAME
Personal name Лобжанидзе,Э. Д.
9 (RLIN) 22688
245 ## - TITLE STATEMENT
Title Экология камбиальной активности и формирования древесины /
Statement of responsibility, etc. Э.Д. Лобжанидзе, М.Д. Габуния ; Под редакцией Е.С. Чавчавадзе.
264 ## - PRODUCTION, PUBLICATION, DISTRIBUTION, MANUFACTURE, AND COPYRIGHT NOTICE
Place of production, publication, distribution, manufacture Тб. :
Name of producer, publisher, distributor, manufacturer Лампари,
Date of production, publication, distribution, manufacture, or copyright notice 2008.
300 ## - PHYSICAL DESCRIPTION
Extent 513 с . :
Other physical details Ил. ;
Dimensions 2,5 см.
Accompanying material Таблицы 102.
500 ## - GENERAL NOTE
General note ბიბლიოგრაფია : с. 456-507
520 ## - SUMMARY, ETC.
Summary, etc. რეზიუმე ინგლისურ ენაზე
653 ## - INDEX TERM--UNCONTROLLED
keyword Экология камбиальной активности и формирования древесины.
653 ## - INDEX TERM--UNCONTROLLED
keyword სატყეო ეკოლოგია
653 ## - INDEX TERM--UNCONTROLLED
keyword მერქნიანი მცენარეები
653 ## - INDEX TERM--UNCONTROLLED
keyword მერქანი -- თვისებები და სტრუქტურა
653 ## - INDEX TERM--UNCONTROLLED
keyword ხის ქერქი -- თვისებები და სტრუქტურა
653 ## - INDEX TERM--UNCONTROLLED
keyword კამბიუმი
700 ## - ADDED ENTRY--PERSONAL NAME
Personal name Габуния, Майя Демьяновна
9 (RLIN) 22689
700 ## - ADDED ENTRY--PERSONAL NAME
Personal name Чавчавадзе, Е.С.,
Titles and other words associated with a name რედაქტორი
9 (RLIN) 22690
700 ## - ADDED ENTRY--PERSONAL NAME
Personal name ლობჟანიძე, ელდარი
Relator term ავტორი
9 (RLIN) 22691
700 ## - ADDED ENTRY--PERSONAL NAME
Personal name გაბუნია, მაია
Relator term ავტორი
9 (RLIN) 22692
700 ## - ADDED ENTRY--PERSONAL NAME
Personal name ჭავჭავაძე, ე.ს.
Relator term რედაქტორი
9 (RLIN) 22693
942 ## - ADDED ENTRY ELEMENTS (KOHA)
Koha item type წიგნი
Source of classification or shelving scheme
ეგზემპლარები
Withdrawn status Lost status Source of classification or shelving scheme Damaged status Not for loan Permanent Location Current Location Shelving location Date acquired Full call number Barcode Date last seen Copy number Price effective from Koha item type
          ბათუმის შოთა რუსთაველის სახელმწიფო უნივერსიტეტის მთავარი ბიბლიოთეკა ბათუმის შოთა რუსთაველის სახელმწიფო უნივერსიტეტის მთავარი ბიბლიოთეკა წიგნსაცავი 2018-12-17 574+630.3 Л-68 27057 2018-12-17 27057 2018-12-17 წიგნი
          ბათუმის შოთა რუსთაველის სახელმწიფო უნივერსიტეტის მთავარი ბიბლიოთეკა ბათუმის შოთა რუსთაველის სახელმწიფო უნივერსიტეტის მთავარი ბიბლიოთეკა წიგნსაცავი 2018-12-17 574+630.3 Л-68 27058 2018-12-17 27058 2018-12-17 წიგნი